| Tag |
First Indicator |
Second Indicator |
Subfields |
| LEADER |
00000cam a22000001i 4500 |
| 001 |
in00004120321 |
| 005 |
20200117084614.0 |
| 006 |
m d f |
| 007 |
cr bn mmmapmmp |
| 008 |
091130s1969 dcu o f000 0 eng d |
| 035 |
|
|
|a cis2007526354
|
| 040 |
|
|
|a UMI
|b eng
|e rda
|c UMI
|d UtOrBLW
|
| 110 |
1 |
|
|a United States.
|b Congress.
|b House.
|b Committee on Interior and Insular Affairs,
|e issuing body.
|0 http://id.loc.gov/authorities/names/n79071072
|
| 245 |
1 |
0 |
|a To Authorize the Secretary of the Interior To Sell Reserved Phosphate Interests of the U.S. in Certain Lands in Florida to the Record Owners of the Surface Thereof.
|
| 264 |
|
1 |
|a [Washington :
|b U.S. G.P.O.],
|c 1969.
|
| 300 |
|
|
|a 31 pages, digital, PDF file.
|
| 336 |
|
|
|a text
|2 rdacontent
|b txt
|
| 337 |
|
|
|a computer
|b c
|2 rdamedia
|
| 338 |
|
|
|a online resource
|2 rdacarrier
|b cr
|
| 500 |
|
|
|a Record is based on bibliographic data in ProQuest Congressional Hearings Digital Collection(last viewed July 2018). Reuse except for individual research requires license from ProQuest, LLC.
|
| 520 |
|
|
|a Hearing to consider H.R. 9882, to authorize the Interior Department to sell reserved phosphate interests of the U.S. in certain Florida subsurface lands to the owners of the surface rights.
|
| 538 |
|
|
|a System requirements: PDF reader software.
|
| 500 |
|
|
|a Electronic resource.
|
| 610 |
1 |
0 |
|a United States.
|b Department of the Interior.
|0 http://id.loc.gov/authorities/names/n80126051
|
| 650 |
|
0 |
|a Phosphates.
|0 http://id.loc.gov/authorities/subjects/sh85101098
|
| 650 |
|
0 |
|a Public lands.
|0 http://id.loc.gov/authorities/subjects/sh85108694
|
| 710 |
1 |
|
|a United States.
|b Congress.
|b House.
|b Committee on Interior and Insular Affairs.
|b Subcommittee on Mines and Mining,
|e other agent associated with work.
|0 http://id.loc.gov/authorities/names/n79072670
|
| 776 |
0 |
8 |
|a United States. Congress. House. Committee on Interior and Insular Affairs.
|t To Authorize the Secretary of the Interior To Sell Reserved Phosphate Interests of the U.S. in Certain Lands in Florida to the Record Owners of the Surface Thereof.
|o 91 HIni-T.100
|
| 730 |
0 |
|
|a ProQuest U.S. Congressional Hearings Digital Collection.
|
| 856 |
4 |
0 |
|u http://proxy.library.tamu.edu/login?url=http://congressional.proquest.com/congcomp/getdoc?HEARING-ID=HRG-1969-IIA-0041
|y Electronic resource (PDF)
|t 0
|
| 999 |
f |
f |
|s e015671d-9917-3d38-b224-051080b50bc4
|i 2fee2b0c-4be0-3d14-bd94-c2fb6de75057
|t 0
|
| 952 |
f |
f |
|a Texas A&M University
|b College Station
|c Electronic Resources
|d Available Online
|t 0
|h No information provided
|
| 998 |
f |
f |
|t 0
|l Available Online
|